[Event "Open A Estate Alfieri"]
[Site "Torino ITA"]
[Date "2010.05.04"]
[Round "1"]
[White "Boetto, Massimo"]
[Black "Longo, Enrico"]
[Result "1-0"]
[WhiteElo "1991"]
[BlackElo "1946"]
[PlyCount "83"]
[EventDate "2010.05.04"]

1. e4 d6 2. d4 Nf6 3. Nc3 g6 4. f4 c6 5. Nf3 Bg4 6. h3 Bxf3 7. Qxf3 Bg7 8. Be3
O-O 9. Bd3 Re8 10. O-O e5 11. dxe5 dxe5 12. fxe5 Rxe5 13. Qf2 Re7 14. Bxa7 Nbd7
15. Bd4 Ne5 16. Rad1 Nfd7 17. a3 Qc7 18. Nb1 c5 19. Be3 c4 20. Be2 Qc6 21. Nc3
Nf6 22. Bf3 Re6 23. Nd5 h5 24. Bg5 Rae8 25. Bxf6 Bxf6 26. Bxh5 Bg7 27. Bf3 Bf8
28. Kh1 Bc5 29. Qd2 Kg7 30. Qc3 Rh8 31. b4 Bd6 32. Ne3 f6 33. Rd5 Nf7 34. Qxc4
Qb6 35. Rb5 Qxe3 36. Qxe6 Qf4 37. Kg1 Qh2+ 38. Kf2 Qg3+ 39. Ke2 Rd8 40. Rd1 Qf4
41. Rxb7 Rf8 42. Qxd6 1-0

[Event "Open A Estate Alfieri"]
[Site "Torino ITA"]
[Date "2010.05.04"]
[Round "1"]
[White "Manni, Stefano"]
[Black "Razzano, Lorenzo"]
[Result "1/2-1/2"]
[WhiteElo "1960"]
[BlackElo "1951"]
[PlyCount "89"]
[EventDate "2010.05.04"]

1. d4 Nf6 2. Nf3 c5 3. e3 d5 4. dxc5 Nc6 5. a3 a5 6. c4 e5 7. cxd5 Qxd5 8. Qxd5
Nxd5 9. Bb5 f6 10. e4 Nc7 11. Bxc6+ bxc6 12. Be3 Ne6 13. Nbd2 Bxc5 14. Rc1 Bxe3
15. fxe3 Bd7 16. Nc4 Ke7 17. O-O Rhb8 18. Rfd1 Be8 19. Nh4 g6 20. Rc2 c5 21.
Rcd2 Ba4 22. Rc1 Ra6 23. Nf3 Rd8 24. Rc3 Rxd2 25. Nfxd2 Bc6 26. h4 a4 27. Rd3
Bb5 28. Rd5 Bc6 29. Rd6 Bb5 30. Rxa6 Bxa6 31. Nb6 Bb5 32. Nb1 Kd6 33. Nc3 Kc6
34. Nbd5 c4 35. Nxf6 h5 36. g4 Ng7 37. Nfd5 Kc5 38. g5 Ne6 39. Kf2 Be8 40. Ke2
Kd6 41. Kd2 Nc5 42. Nb6 Bc6 43. Nxc4+ Ke6 44. Nb6 Kd6 45. Nc4+ 1/2-1/2

[Event "Open A Estate Alfieri"]
[Site "Torino ITA"]
[Date "2010.05.04"]
[Round "1"]
[White "Quagliana, Giuseppe"]
[Black "Blanc, Pierre"]
[Result "1/2-1/2"]
[WhiteElo "2029"]
[BlackElo "1944"]
[PlyCount "120"]
[EventDate "2010.05.04"]

1. d4 Nf6 2. c4 e6 3. Nf3 d5 4. Bg5 Be7 5. e3 c6 6. cxd5 exd5 7. Nc3 Nbd7 8.
Bd3 O-O 9. O-O Re8 10. Qc2 Nf8 11. Bxf6 Bxf6 12. b4 b6 13. Rab1 Bb7 14. Rfc1 h6
15. b5 Re6 16. bxc6 Rxc6 17. Qb3 Rac8 18. Rc2 Ne6 19. Rbc1 R6c7 20. h3 Qd7 21.
a4 Ng5 22. Nxg5 Bxg5 23. Nb5 Rxc2 24. Rxc2 Rxc2 25. Qxc2 Bc6 26. Bf5 Qb7 27.
Nxa7 Qxa7 28. Qxc6 g6 29. Bd3 Qa5 30. Qe8+ Kg7 31. g3 Bf6 32. Kg2 Qd2 33. Ba6
Qe1 34. Bb5 Qb4 35. Bc6 Qd6 36. Qd7 Qxd7 37. Bxd7 Be7 38. Bc6 Kf6 39. Bxd5 Bb4
40. Kf3 Ke7 41. Ke2 f6 42. h4 Kd6 43. Be4 g5 44. f4 Ke6 45. hxg5 hxg5 46. f5+
Ke7 47. g4 Bd6 48. Kd3 Bg3 49. Bh1 Bf2 50. e4 Kd6 51. Kc4 Be3 52. Bf3 Bf2 53.
Kd3 Bg1 54. Bd1 Bf2 55. Bb3 Bg1 56. e5+ fxe5 57. dxe5+ Kxe5 58. Kc4 Kf6 59. Kb5
Be3 60. Bc4 Bd4 1/2-1/2

[Event "Open A Estate Alfieri"]
[Site "Torino ITA"]
[Date "2010.05.04"]
[Round "1"]
[White "Stroppa, Daniel"]
[Black "Di Chiara, Mauro"]
[Result "0-1"]
[WhiteElo "2207"]
[BlackElo "1935"]
[PlyCount "76"]
[EventDate "2010.05.04"]

1. e4 d6 2. d4 Nf6 3. Nc3 g6 4. Bg5 Bg7 5. e5 Nfd7 6. exd6 cxd6 7. Qd2 Nc6 8.
Nf3 O-O 9. h4 h5 10. O-O-O Nf6 11. d5 Nb4 12. a3 Na6 13. Nd4 Nc5 14. f3 Qa5 15.
Bh6 a6 16. Bxg7 Kxg7 17. g4 b5 18. Qg5 Bd7 19. Nf5+ Bxf5 20. gxf5 b4 21. Nb1
Rac8 22. Qe3 Qa4 23. Nd2 bxa3 24. b3 Qb4 25. Nc4 a2 26. Kb2 Na4+ 27. Ka1 Nc3
28. Rd4 Nfxd5 29. Qd2 Rc5 30. fxg6 fxg6 31. Nxd6 Qa3 32. Nc4 Qb4 33. Rg1 Rf6
34. Bd3 Nb1 35. Qxb4 Nxb4 36. Re1 Rc7 37. Re3 Nc3 38. Nb6 Rxb6 0-1

[Event "Open A Estate Alfieri"]
[Site "Torino ITA"]
[Date "2010.05.11"]
[Round "2"]
[White "Blanc, Pierre"]
[Black "Boetto, Massimo"]
[Result "0-1"]
[WhiteElo "1944"]
[BlackElo "1991"]
[PlyCount "84"]
[EventDate "2010.05.04"]

1. e4 e6 2. d4 d5 3. Nd2 Nf6 4. e5 Nfd7 5. Bd3 c5 6. c3 Nc6 7. Ne2 cxd4 8. cxd4
f6 9. exf6 Nxf6 10. Nf3 Bd6 11. O-O Qc7 12. Bg5 O-O 13. Nc3 a6 14. Bh4 Nh5 15.
Bg3 Nxg3 16. hxg3 g6 17. Bc2 Qg7 18. Rc1 Bd7 19. Qd2 h6 20. Rfd1 g5 21. Na4 Rf7
22. Nb6 Raf8 23. Nxd7 Rxd7 24. Qe3 Nd8 25. Rf1 Rdf7 26. Qd3 Nc6 27. Ba4 Rxf3
28. gxf3 Nxd4 29. Bd1 Qf6 30. Kg2 h5 31. a3 Kg7 32. Rh1 h4 33. Rc3 Nf5 34. Rh3
hxg3 35. fxg3 g4 36. Rh1 Bxg3 37. fxg4 Nh4+ 38. Kxg3 Qf2+ 39. Kh3 Qg2+ 40. Kxh4
Qxh1+ 41. Kg3 Qg1+ 42. Kh4 Qh2+ 0-1

[Event "Open A Estate Alfieri"]
[Site "Torino ITA"]
[Date "2010.05.09"]
[Round "2"]
[White "Di Chiara, Mauro"]
[Black "Razzano, Lorenzo"]
[Result "0-1"]
[WhiteElo "1935"]
[BlackElo "1951"]
[PlyCount "90"]
[EventDate "2010.05.04"]

1. d4 Nf6 2. Nf3 c5 3. d5 b5 4. c4 Bb7 5. e3 g6 6. Be2 Bg7 7. O-O O-O 8. cxb5
Nxd5 9. Qc2 d6 10. Nc3 Nxc3 11. bxc3 a6 12. Bb2 axb5 13. Bxb5 Bxf3 14. gxf3 Nd7
15. Bxd7 Qxd7 16. c4 Qa4 17. Rfc1 Qxc2 18. Rxc2 Rfb8 19. Bxg7 Kxg7 20. a4 Ra5
21. Kf1 Rb4 22. Ke2 Raxa4 23. Rxa4 Rxa4 24. f4 f5 25. f3 Kf6 26. Kd3 Ra3+ 27.
Ke2 h6 28. Kd2 g5 29. fxg5+ hxg5 30. Rb2 Ra8 31. Kd3 Rh8 32. Rg2 Rh3 33. Ke2 e6
34. Rf2 Ke5 35. Kd3 f4 36. Ke2 d5 37. cxd5 exd5 38. Rg2 Kf5 39. Rf2 Rh7 40. Kd3
fxe3 41. Kxe3 Re7+ 42. Kd3 Kf4 43. Rc2 Re3+ 44. Kd2 c4 45. Ra2 Kxf3 0-1

[Event "Open A Estate Alfieri"]
[Site "Torino ITA"]
[Date "2010.05.11"]
[Round "2"]
[White "Longo, Enrico"]
[Black "Manni, Stefano"]
[Result "0-1"]
[WhiteElo "1946"]
[BlackElo "1960"]
[PlyCount "68"]
[EventDate "2010.05.04"]

1. e4 c6 2. d4 d5 3. Nd2 dxe4 4. Nxe4 Bf5 5. Ng3 Bg6 6. h4 h6 7. c3 Nf6 8. h5
Bh7 9. Bd3 Bxd3 10. Qxd3 e6 11. N1e2 Nbd7 12. Bd2 Qa5 13. b4 Qc7 14. Rc1 Rd8
15. Qc2 Nd5 16. a3 a5 17. c4 N5f6 18. Qa4 axb4 19. axb4 Bd6 20. Qb3 O-O 21. Rc3
e5 22. Be3 exd4 23. Bxd4 c5 24. bxc5 Bxc5 25. Qc2 Bb4 26. Nf5 Rfe8 27. Kf1 Bxc3
28. Qxc3 Nc5 29. Ne3 Nce4 30. Qb2 b5 31. f3 Ng3+ 32. Nxg3 Qxg3 33. Rh3 Qf4 34.
Qc3 Qxd4 0-1

[Event "Open A Estate Alfieri"]
[Site "Torino ITA"]
[Date "2010.05.13"]
[Round "2"]
[White "Stroppa, Daniel"]
[Black "Quagliana, Giuseppe"]
[Result "0-1"]
[WhiteElo "2207"]
[BlackElo "2029"]
[PlyCount "100"]
[EventDate "2010.05.04"]

1. d4 e6 2. Nf3 Nf6 3. e3 b6 4. Bd3 Bb7 5. O-O Be7 6. c4 c5 7. Nc3 O-O 8. d5
exd5 9. cxd5 d6 10. e4 Nbd7 11. Re1 Ng4 12. Bc2 Bf6 13. Nd2 Nxf2 14. Qe2 Bd4
15. Kf1 Ne5 16. Nf3 Nxf3 17. Qxf3 Ba6+ 18. Ne2 Qh4 19. h3 f5 20. e5 dxe5 21.
Be3 Ne4 22. Kg1 Bxe2 23. Rxe2 Nd6 24. Rd1 e4 25. Qf1 Bxe3+ 26. Rxe3 f4 27. Rxe4
Nxe4 28. Bxe4 Rae8 29. Qd3 f3 30. Bxf3 Re1+ 31. Rxe1 Qxe1+ 32. Kh2 Qe5+ 33. Kg1
Re8 34. d6 Qe3+ 35. Qxe3 Rxe3 36. d7 Rd3 37. Bc6 Kf8 38. Kf2 Ke7 39. Ke2 Rxd7
40. Bxd7 Kxd7 41. Kd3 b5 42. b3 Kd6 43. Ke4 Ke6 44. a4 a6 45. axb5 axb5 46. g3
g6 47. Ke3 Ke5 48. Kd3 Kd5 49. h4 h5 50. Ke3 c4 0-1

[Event "Open A Estate Alfieri"]
[Site "Torino ITA"]
[Date "2010.05.18"]
[Round "3"]
[White "Boetto, Massimo"]
[Black "Stroppa, Daniel"]
[Result "1/2-1/2"]
[WhiteElo "1991"]
[BlackElo "2207"]
[PlyCount "59"]
[EventDate "2010.05.04"]

1. e4 d6 2. d4 Nf6 3. Nc3 g6 4. f4 Bg7 5. Nf3 c5 6. Bb5+ Bd7 7. e5 Ng4 8. e6
Bxb5 9. exf7+ Kf8 10. Nxb5 Qa5+ 11. Nc3 cxd4 12. Nxd4 Kxf7 13. Qxg4 Bxd4 14.
Bd2 Qf5 15. Qe2 Nc6 16. O-O-O Bf6 17. g4 Qe6 18. Qg2 Nb4 19. Rhe1 Qc4 20. Re4
Qc5 21. g5 Bxc3 22. Rxe7+ Kf8 23. Qxb7 Bxd2+ 24. Rxd2 Qg1+ 25. Rd1 Nxa2+ 26.
Kb1 Qxd1+ 27. Kxa2 Qd4 28. Re4 Qxe4 29. Qxe4 Kf7 30. Qb7+ 1/2-1/2

[Event "Open A Estate Alfieri"]
[Site "Torino ITA"]
[Date "2010.05.18"]
[Round "3"]
[White "Manni, Stefano"]
[Black "Blanc, Pierre"]
[Result "0-1"]
[WhiteElo "1960"]
[BlackElo "1944"]
[PlyCount "55"]
[EventDate "2010.05.04"]

1. d4 Nf6 2. Nf3 c5 3. e3 cxd4 4. exd4 g6 5. Bd3 Bg7 6. O-O O-O 7. Re1 Nc6 8.
c3 a6 9. Bg5 b5 10. Nbd2 d6 11. h3 Qb6 12. Ne4 Nd5 13. Qd2 Rd8 14. Bh6 Bh8 15.
Ng3 Bb7 16. Be4 Nc7 17. Bxc6 Qxc6 18. Rxe7 Ne6 19. Rd1 Bf6 20. d5 Qxd5 21. Qe2
Bxe7 22. Rxd5 Bxd5 23. Nd4 Bf6 24. Ne4 Bh8 25. Qf3 Bxe4 26. Qxe4 Nxd4 27. cxd4
d5 28. Qe7 0-1

[Event "Open A Estate Alfieri"]
[Site "Torino ITA"]
[Date "2010.05.18"]
[Round "3"]
[White "Quagliana, Giuseppe"]
[Black "Di Chiara, Mauro"]
[Result "1-0"]
[WhiteElo "2029"]
[BlackElo "1935"]
[PlyCount "33"]
[EventDate "2010.05.04"]

1. d4 g6 2. c4 Bg7 3. Nc3 d6 4. e4 Nf6 5. Nge2 O-O 6. Ng3 e5 7. d5 h5 8. Bg5 a5
9. Be2 Na6 10. Bxh5 gxh5 11. Nxh5 Bg4 12. Nxf6+ Bxf6 13. Qxg4 Bxg5 14. h4 Nb4
15. hxg5 Nd3+ 16. Kf1 Re8 17. Qh3 1-0

[Event "Open A Estate Alfieri"]
[Site "Torino ITA"]
[Date "2010.05.18"]
[Round "3"]
[White "Razzano, Lorenzo"]
[Black "Longo, Enrico"]
[Result "0-1"]
[WhiteElo "1951"]
[BlackElo "1946"]
[PlyCount "134"]
[EventDate "2010.05.04"]

1. Nc3 c5 2. Nf3 Nc6 3. e4 e6 4. Bb5 a6 5. Bxc6 dxc6 6. a4 Nf6 7. O-O Be7 8. d3
Qc7 9. h3 b6 10. Qe2 a5 11. Bg5 Ba6 12. b3 h6 13. Bh4 Nh7 14. Bg3 Bd6 15. Bxd6
Qxd6 16. e5 Qe7 17. Ne4 O-O-O 18. Nd6+ Kc7 19. Rfe1 g5 20. Nc4 Nf8 21. Nfd2 h5
22. g3 Ng6 23. Qe3 g4 24. h4 Rd5 25. Re2 Rdd8 26. Rae1 Qd7 27. f4 Qd4 28. Nd6
Qxe3+ 29. Rxe3 Rd7 30. N2e4 Nf8 31. Nf6 Re7 32. Nde8+ Kd8 33. Ng7 b5 34. Rb1
Rb7 35. Ree1 bxa4 36. bxa4 Rb4 37. Rxb4 cxb4 38. d4 Nd7 39. Ngxh5 Nb6 40. Ra1
Nc4 41. Kf2 Na3 42. Rc1 Bc4 43. f5 Ba2 44. fxe6 fxe6 45. Nf4 Bb1 46. Nxe6+ Ke7
47. Nc5 Rb8 48. Nxg4 Bxc2 49. Ne3 Rf8+ 50. Ke2 b3 51. Nxb3 Bxb3 52. Rxc6 Bxa4
53. Nd5+ Kd8 54. Rb6 Bb5+ 55. Rxb5 Nxb5 56. Ke3 a4 57. h5 a3 58. Nb4 Nc3 59.
Nc2 a2 60. g4 Rf1 61. g5 a1=Q 62. Nxa1 Rxa1 63. g6 Ke7 64. Kf4 Rf1+ 65. Kg5 Kf8
66. h6 Kg8 67. Kg4 Nd5 0-1

[Event "Open A Estate Alfieri"]
[Site "Torino ITA"]
[Date "2010.05.25"]
[Round "4"]
[White "Blanc, Pierre"]
[Black "Razzano, Lorenzo"]
[Result "1/2-1/2"]
[WhiteElo "1944"]
[BlackElo "1951"]
[PlyCount "96"]
[EventDate "2010.05.04"]

1. e4 e5 2. Nf3 Nc6 3. Bb5 a6 4. Ba4 Nf6 5. O-O Be7 6. Re1 b5 7. Bb3 O-O 8. c3
d6 9. h3 Nd7 10. d4 Bf6 11. d5 Na5 12. Bc2 Nb6 13. Nbd2 c6 14. dxc6 Qc7 15. Nf1
Qxc6 16. Ng3 g6 17. Bg5 Bxg5 18. Nxg5 f6 19. Nf3 Be6 20. Qe2 Rad8 21. Red1 d5
22. exd5 Nxd5 23. Be4 Nf4 24. Qf1 Qc7 25. a3 Bc4 26. Qe1 Bb3 27. Rxd8 Rxd8 28.
Nd2 f5 29. Bb1 Bf7 30. Bc2 e4 31. Rb1 Nd3 32. Bxd3 Rxd3 33. Ngf1 Qd6 34. Kh1
Nb3 35. Nxb3 Bxb3 36. Kg1 Kg7 37. Ne3 h5 38. Nc2 e3 39. Nd4 exf2+ 40. Qxf2 Bf7
41. Re1 Kf6 42. Qc2 Rg3 43. Rd1 Qd5 44. Qf2 h4 45. Rd2 Qe4 46. Nf3 g5 47. Qd4+
Qxd4+ 48. Rxd4 Ke7 1/2-1/2

[Event "Open A Estate Alfieri"]
[Site "Torino ITA"]
[Date "2010.05.25"]
[Round "4"]
[White "Di Chiara, Mauro"]
[Black "Longo, Enrico"]
[Result "1-0"]
[WhiteElo "1935"]
[BlackElo "1946"]
[PlyCount "41"]
[EventDate "2010.05.04"]

1. d4 f5 2. Nf3 Nf6 3. c4 g6 4. Nc3 Bg7 5. g3 d6 6. Bg2 O-O 7. O-O Na6 8. b3 c5
9. Bb2 Qe8 10. dxc5 Nxc5 11. Nd5 Rb8 12. Nxf6+ Bxf6 13. Bxf6 Rxf6 14. Qd4 b6
15. Rad1 Ne6 16. Qb2 Bb7 17. Rxd6 Rd8 18. Rfd1 Rxd6 19. Rxd6 Kf8 20. Rxe6 Bxf3
21. Rxf6+ 1-0

[Event "Open A Estate Alfieri"]
[Site "Torino ITA"]
[Date "2010.05.30"]
[Round "4"]
[White "Quagliana, Giuseppe"]
[Black "Boetto, Massimo"]
[Result "1/2-1/2"]
[WhiteElo "2029"]
[BlackElo "1991"]
[PlyCount "32"]
[EventDate "2010.05.04"]

1. d4 Nf6 2. c4 g6 3. Nc3 Bg7 4. e4 d6 5. Be2 O-O 6. Nf3 e5 7. O-O Nc6 8. d5
Ne7 9. Ne1 Nd7 10. f3 f5 11. Bd2 Nf6 12. g4 h5 13. g5 Nh7 14. h4 f4 15. Rc1
Nxg5 16. hxg5 Nf5 1/2-1/2

[Event "Open A Estate Alfieri"]
[Site "Torino ITA"]
[Date "2010.05.25"]
[Round "4"]
[White "Stroppa, Daniel"]
[Black "Manni, Stefano"]
[Result "0-1"]
[WhiteElo "2207"]
[BlackElo "1960"]
[PlyCount "54"]
[EventDate "2010.05.04"]

1. d4 d5 2. Nf3 Nf6 3. e3 e6 4. Bd3 c5 5. b3 Nc6 6. Bb2 Bd6 7. O-O O-O 8. Nbd2
b6 9. Ne5 Bb7 10. f4 Ne7 11. Qf3 Qc7 12. Qh3 Ne4 13. Ndf3 Nf5 14. g4 Nxe3 15.
Rfe1 c4 16. bxc4 Bxe5 17. Nxe5 f6 18. Qxe3 fxe5 19. fxe5 Nf2 20. Ba3 dxc4 21.
Bxf8 Rxf8 22. Bxh7+ Kxh7 23. d5 Bxd5 24. Qg3 Rf3 25. Qh4+ Kg8 26. h3 Rxh3 27.
Qg5 Qf7 0-1

[Event "Open A Estate Alfieri"]
[Site "Torino ITA"]
[Date "2010.06.02"]
[Round "5"]
[White "Boetto, Massimo"]
[Black "Di Chiara, Mauro"]
[Result "1-0"]
[WhiteElo "1991"]
[BlackElo "1935"]
[PlyCount "59"]
[EventDate "2010.05.04"]

1. e4 d6 2. d4 Nf6 3. Nc3 g6 4. f4 Bg7 5. Nf3 O-O 6. Bd3 Na6 7. O-O c5 8. d5
Nc7 9. a4 e6 10. dxe6 fxe6 11. e5 dxe5 12. fxe5 Ng4 13. Qe2 Nxe5 14. Nxe5 Qd4+
15. Be3 Rxf1+ 16. Rxf1 Qxe5 17. Qf2 Qxe3 18. Qxe3 Bd4 19. Qxd4 cxd4 20. Ne2 e5
21. Ng3 Bd7 22. Ne4 Kg7 23. Nd6 Rf8 24. Re1 Rf6 25. Nxb7 Bxa4 26. Rxe5 Bc6 27.
Re7+ Rf7 28. Rxf7+ Kxf7 29. Nd8+ Kf6 30. Nxc6 1-0

[Event "Open A Estate Alfieri"]
[Site "Torino ITA"]
[Date "2010.06.02"]
[Round "5"]
[White "Longo, Enrico"]
[Black "Blanc, Pierre"]
[Result "1/2-1/2"]
[WhiteElo "1946"]
[BlackElo "1944"]
[PlyCount "152"]
[EventDate "2010.05.04"]

1. e4 e5 2. Nf3 Nc6 3. Bb5 a6 4. Bxc6 dxc6 5. O-O f6 6. d4 exd4 7. Qxd4 Qxd4 8.
Nxd4 c5 9. Ne2 Bd6 10. Nbc3 Ne7 11. Bf4 Bxf4 12. Nxf4 Bd7 13. Rad1 O-O-O 14. f3
Nc6 15. Rf2 Ne5 16. b3 h5 17. Rfd2 c6 18. Na4 g5 19. Nb6+ Kc7 20. Nxd7 Rxd7 21.
Ne6+ Kc8 22. Nxc5 Rf7 23. a4 h4 24. h3 a5 25. Rd6 Re8 26. Ne6 Nd7 27. Nd4 Re5
28. Nf5 Rc5 29. R1d2 Kc7 30. Kf2 b6 31. Ke2 Re5 32. Nh6 Rfe7 33. Ng4 R5e6 34.
Rxe6 Rxe6 35. Ne3 Ne5 36. Nf5 Ng6 37. Ke3 Nf4 38. c3 Re5 39. c4 Ng6 40. Rd6 Nf4
41. Rd2 Rc5 42. Ng7 Re5 43. Kf2 Re7 44. Nf5 Re5 45. Nd4 Nh5 46. Ne2 Nf4 47. Nc1
Re7 48. Ne2 Re5 49. Nd4 Nh5 50. Nf5 Nf4 51. Nd6 Re6 52. c5 bxc5 53. Nc4 Re8 54.
Nxa5 Rb8 55. Ke3 Ng6 56. Rc2 Ra8 57. Nc4 Rb8 58. Nd2 Kd6 59. a5 Ne5 60. a6 Ra8
61. Ra2 Kc7 62. f4 gxf4+ 63. Kxf4 Nd3+ 64. Kf5 Nb4 65. Ra5 Nxa6 66. Kxf6 Rg8
67. Rxa6 Rxg2 68. Ra7+ Kd8 69. Rh7 Rxd2 70. Rxh4 Rd3 71. Rh5 Rxb3 72. Rxc5 Rxh3
73. e5 Rh6+ 74. Kf7 Rh7+ 75. Kg6 Re7 76. Kf6 Kd7 1/2-1/2

[Event "Open A Estate Alfieri"]
[Site "Torino ITA"]
[Date "2010.06.02"]
[Round "5"]
[White "Manni, Stefano"]
[Black "Quagliana, Giuseppe"]
[Result "0-1"]
[WhiteElo "1960"]
[BlackElo "2029"]
[PlyCount "49"]
[EventDate "2010.05.04"]

1. d4 e6 2. Nf3 Nf6 3. e3 b6 4. Bd3 Bb7 5. O-O c5 6. Re1 Nc6 7. c4 Nb4 8. Be2
Be7 9. a3 Na6 10. Nc3 O-O 11. d5 exd5 12. cxd5 d6 13. e4 Nc7 14. b4 Ng4 15.
bxc5 bxc5 16. Rb1 Bc8 17. Nd2 Bf6 18. Nb5 Nxb5 19. Rxb5 Nxf2 20. Kxf2 Bd4+ 21.
Kg3 Qg5+ 22. Bg4 h5 23. h3 Qe5+ 24. Kf3 hxg4+ 25. hxg4 0-1

[Event "Open A Estate Alfieri"]
[Site "Torino ITA"]
[Date "2010.06.03"]
[Round "5"]
[White "Razzano, Lorenzo"]
[Black "Stroppa, Daniel"]
[Result "0-1"]
[WhiteElo "1951"]
[BlackElo "2207"]
[PlyCount "46"]
[EventDate "2010.05.04"]

1. e3 e5 2. c4 d6 3. b4 f5 4. Bb2 Nf6 5. Be2 Be7 6. Nf3 O-O 7. O-O Kh8 8. d3
Be6 9. Ng5 Bg8 10. f4 exf4 11. exf4 d5 12. Qe1 dxc4 13. dxc4 Nc6 14. a3 a5 15.
b5 Bc5+ 16. Kh1 Nd4 17. Qd1 Nxe2 18. Qxe2 Re8 19. Qc2 h6 20. Nf3 Ne4 21. Ne5
Rxe5 22. Bxe5 Qh4 23. Qd3 Bxc4 0-1

[Event "Open A Estate Alfieri"]
[Site "Torino ITA"]
[Date "2010.06.08"]
[Round "6"]
[White "Boetto, Massimo"]
[Black "Manni, Stefano"]
[Result "1/2-1/2"]
[WhiteElo "1991"]
[BlackElo "1960"]
[PlyCount "77"]
[EventDate "2010.05.04"]

1. e4 e5 2. Nf3 Nc6 3. Bb5 a6 4. Ba4 Nf6 5. O-O b5 6. Bb3 Be7 7. Re1 d6 8. c3
O-O 9. h3 Nd7 10. d4 Bf6 11. a4 Na5 12. axb5 Nxb3 13. Qxb3 Rb8 14. d5 Nc5 15.
Qc2 axb5 16. b4 Nb7 17. Be3 Bd7 18. c4 c6 19. dxc6 Bxc6 20. cxb5 Bxb5 21. Nc3
Bc4 22. Nd5 Bxd5 23. exd5 e4 24. Nd4 Bxd4 25. Bxd4 f5 26. Ra6 Qd7 27. Rc6 Rf7
28. Ra1 Nd8 29. Ra7 Rb7 30. Raa6 Rxb4 31. Rxd6 Qe8 32. Qc8 Rf8 33. Ra8 Rxd4 34.
Rxd8 Qxd8 35. Qe6+ Kh8 36. Rxd8 Rxd8 37. Qxf5 R4xd5 38. Qxe4 Rd4 39. Qe3
1/2-1/2

[Event "Open A Estate Alfieri"]
[Site "Torino ITA"]
[Date "2010.06.08"]
[Round "6"]
[White "Di Chiara, Mauro"]
[Black "Blanc, Pierre"]
[Result "1-0"]
[WhiteElo "1935"]
[BlackElo "1944"]
[PlyCount "83"]
[EventDate "2010.05.04"]

1. d4 Nf6 2. Nf3 e6 3. c4 d5 4. Nc3 c6 5. cxd5 exd5 6. Bg5 Be7 7. Qc2 Bg4 8.
Ne5 Bh5 9. e3 Nbd7 10. Nxd7 Nxd7 11. Bxe7 Qxe7 12. Bd3 Bg6 13. O-O O-O 14. b4
b5 15. Bxg6 hxg6 16. Ne2 Rfe8 17. Rab1 Nb6 18. Qc5 Qd7 19. Nc1 Nc4 20. Nb3 f5
21. Rfd1 Qc7 22. g3 Red8 23. Nd2 Qd6 24. Qxd6 Rxd6 25. a4 a6 26. a5 Kf7 27. Nb3
Rdd8 28. Nc5 Re8 29. h4 Rh8 30. Kg2 Ke7 31. Re1 Kd6 32. Re2 Rhe8 33. Rbe1 Kc7
34. f3 Nd6 35. e4 fxe4 36. fxe4 dxe4 37. Nxe4 Nf5 38. Nc5 Rh8 39. Re6 Nxd4 40.
Re7+ Kb8 41. Nd7+ Kc7 42. Nb6+ 1-0

[Event "Open A Estate Alfieri"]
[Site "Torino ITA"]
[Date "2010.06.08"]
[Round "6"]
[White "Quagliana, Giuseppe"]
[Black "Razzano, Lorenzo"]
[Result "1-0"]
[WhiteElo "2029"]
[BlackElo "1951"]
[PlyCount "104"]
[EventDate "2010.05.04"]

1. d4 Nf6 2. c4 Nc6 3. Nc3 e5 4. d5 Ne7 5. e4 Ng6 6. Bd3 Bc5 7. h3 a6 8. Nge2
O-O 9. Na4 Ba7 10. c5 d6 11. b4 Bd7 12. Be3 c6 13. Bc2 cxd5 14. exd5 Bxa4 15.
Bxa4 dxc5 16. Bb3 cxb4 17. Bxa7 Rxa7 18. Qd2 Qb6 19. O-O Raa8 20. Ng3 Rad8 21.
Rfd1 Ne8 22. Nf1 Nd6 23. Ne3 f6 24. g3 Rc8 25. Kg2 Rc3 26. Qe2 Kh8 27. Qg4 f5
28. Qg5 Ne4 29. Qh5 Nd6 30. Rdc1 Rfc8 31. Rxc3 bxc3 32. Nc4 Ne4 33. Bc2 Nf6 34.
Qd1 Rd8 35. Bb3 Qc5 36. Ne3 Qd4 37. Qc2 Qe4+ 38. Qxe4 Nxe4 39. Rc1 Rc8 40. Bc2
Nd6 41. Nxf5 Nb5 42. Be4 Kg8 43. a4 Nd4 44. d6 b5 45. Rxc3 Rd8 46. axb5 axb5
47. Ne7+ Kf7 48. Rc7 Ke6 49. Nc6 Rd7 50. Nxd4+ exd4 51. Bf5+ Kxf5 52. Rxd7 Ke6
1-0

[Event "Open A Estate Alfieri"]
[Site "Torino ITA"]
[Date "2010.06.14"]
[Round "6"]
[White "Stroppa, Daniel"]
[Black "Longo, Enrico"]
[Result "1-0"]
[WhiteElo "2207"]
[BlackElo "1946"]
[PlyCount "39"]
[EventDate "2010.05.04"]

1. d4 d5 2. Nf3 Nf6 3. e3 c6 4. c4 e6 5. Nc3 Nbd7 6. Bd3 Be7 7. O-O dxc4 8.
Bxc4 O-O 9. e4 b5 10. Bd3 b4 11. Ne2 c5 12. e5 Nd5 13. Be4 Ba6 14. Re1 Rc8 15.
Bxd5 exd5 16. e6 Nf6 17. exf7+ Kh8 18. Nf4 Qd6 19. Ne5 Ne4 20. Qh5 1-0

[Event "Open A Estate Alfieri"]
[Site "Torino ITA"]
[Date "2010.06.15"]
[Round "7"]
[White "Blanc, Pierre"]
[Black "Stroppa, Daniel"]
[Result "0-1"]
[WhiteElo "1944"]
[BlackElo "2207"]
[PlyCount "96"]
[EventDate "2010.05.04"]

1. e4 g6 2. d4 Bg7 3. Nf3 c5 4. c3 Nf6 5. Bd3 O-O 6. O-O d5 7. exd5 cxd4 8.
Nxd4 Qxd5 9. Qb3 e5 10. Bc4 Qc5 11. Nf3 Nc6 12. Be3 Qe7 13. Qa3 Qxa3 14. Nxa3
h6 15. Bc5 Rd8 16. Nb5 Bf8 17. Bxf8 Kxf8 18. Rad1 Bg4 19. h3 Bxf3 20. gxf3 Na5
21. Be2 a6 22. Nd6 Ke7 23. Nc4 Nxc4 24. Bxc4 Nh5 25. Rfe1 f6 26. Kh2 Nf4 27.
Kg3 Rac8 28. Bf1 Rxd1 29. Rxd1 Rd8 30. Rxd8 Kxd8 31. h4 Kd7 32. Kh2 Kd6 33. Kg1
Kc5 34. b3 Nd5 35. c4 Nf4 36. a3 a5 37. Kh2 h5 38. Kg3 f5 39. Kh2 Ne6 40. Be2
Nd4 41. Bd1 b5 42. Kg1 a4 43. bxa4 Kxc4 44. Kf1 Kc3 45. Ke1 Ne6 46. Be2 Nf4 47.
Bf1 Kb3 48. Kd2 Kxa4 0-1

[Event "Open A Estate Alfieri"]
[Site "Torino ITA"]
[Date "2010.06.15"]
[Round "7"]
[White "Longo, Enrico"]
[Black "Quagliana, Giuseppe"]
[Result "0-1"]
[WhiteElo "1946"]
[BlackElo "2029"]
[PlyCount "44"]
[EventDate "2010.05.04"]

1. e4 e6 2. Qe2 c5 3. g3 Nc6 4. Nf3 g6 5. d3 Bg7 6. Bg2 Nge7 7. Nc3 d6 8. O-O
e5 9. a4 Bg4 10. Qe1 Qd7 11. Nd1 Bxf3 12. Bxf3 Nd4 13. Bg2 Nxc2 14. Qc3 Nxa1
15. b3 Nxb3 16. Qxb3 O-O 17. f4 Nc6 18. fxe5 dxe5 19. Ne3 Nd4 20. Qa2 Kh8 21.
Nd5 Qg4 22. Qf2 Qe2 0-1

[Event "Open A Estate Alfieri"]
[Site "Torino ITA"]
[Date "2010.06.15"]
[Round "7"]
[White "Manni, Stefano"]
[Black "Di Chiara, Mauro"]
[Result "1-0"]
[WhiteElo "1960"]
[BlackElo "1935"]
[PlyCount "31"]
[EventDate "2010.05.04"]

1. e4 d6 2. d4 Nf6 3. Nc3 g6 4. Be3 Bg7 5. Qd2 O-O 6. O-O-O c6 7. Bh6 b5 8. f3
Bxh6 9. Qxh6 Qa5 10. Kb1 e5 11. h4 Na6 12. h5 exd4 13. e5 dxe5 14. Ne4 Nxe4 15.
hxg6 Ng5 16. gxh7+ 1-0

[Event "Open B Estate Alfieri"]
[Site "Torino ITA"]
[Date "2010.05.04"]
[Round "1"]
[White "Baleja, Marian"]
[Black "Blundo, Michele"]
[Result "1-0"]
[WhiteElo "1917"]
[BlackElo "1762"]
[PlyCount "72"]
[EventDate "2010.05.04"]

1. e4 c5 2. d4 e6 3. Nf3 Nf6 4. e5 Ne4 5. Bd3 d5 6. exd6 Nxd6 7. dxc5 Qa5+ 8.
Nc3 Qxc5 9. Be3 Qc7 10. O-O Be7 11. Ng5 Nd7 12. Re1 Nf6 13. Bf4 a6 14. Nce4
Nfxe4 15. Bxe4 Rb8 16. Nxh7 Qc5 17. Ng5 Bd7 18. Qd2 Bxg5 19. Qxd6 Rc8 20. Qxc5
Rxc5 21. Bxg5 Rxg5 22. Bxb7 Rb5 23. Bxa6 Rxb2 24. Bd3 Ke7 25. a4 Ra8 26. a5 Bb5
27. Be4 Ra7 28. Rec1 Rb4 29. f3 Kd6 30. Ra3 Kc5 31. Rca1 Ba6 32. g4 Rd7 33. Kf2
Rd2+ 34. Kg3 f5 35. gxf5 exf5 36. Bxf5 g5 1-0

[Event "Open B Estate Alfieri"]
[Site "Torino ITA"]
[Date "2010.05.04"]
[Round "1"]
[White "Biancotti, Alessandro"]
[Black "Cavezzana, Davide"]
[Result "1/2-1/2"]
[WhiteElo "1886"]
[BlackElo "1765"]
[PlyCount "50"]
[EventDate "2010.05.04"]

1. e4 e5 2. Nf3 Nf6 3. Nxe5 d6 4. Nf3 Nxe4 5. d4 d5 6. Bd3 Be7 7. O-O Nc6 8.
Nc3 Bf5 9. Re1 Nxc3 10. bxc3 Bxd3 11. Qxd3 O-O 12. c4 Bf6 13. c3 Na5 14. cxd5
Qxd5 15. Be3 Rad8 16. Qc2 Nc4 17. Bf4 c5 18. Rac1 Rfe8 19. Rxe8+ Rxe8 20. Qa4
Rd8 21. h3 a6 22. Re1 Kf8 23. dxc5 Qxc5 24. Qb4 Qxb4 25. cxb4 b5 1/2-1/2